| 000 | 00706nam a22002297a 4500 | ||
|---|---|---|---|
| 008 | 240702b mp ||||| |||| 00| 0 mon d | ||
| 020 | _a978-99962-16-60-8 | ||
| 035 | _a27041 | ||
| 040 |
_aZA2481090 _bmon _cMN-UlNLM _dMN-UlNLM _erda |
||
| 041 | _amon | ||
| 042 | _a58275 | ||
| 084 |
_2NNA _a84/4Шв/-44 _bЛ-59 |
||
| 100 | _aЛиндгрен А. | ||
| 245 | 0 | _aЖаалхүү Карлсон хоёрын тухай | |
| 264 |
_aУлаанбаатар _bМөнхийн үсэг ХХК _c2019 |
||
| 300 | _a375х. | ||
| 336 |
_2rdacontent _atext _btxt |
||
| 337 |
_2rdamedia _aunmediated _bn |
||
| 338 |
_2rdacarrier _avolume _bnc |
||
| 942 |
_2NNA _cBK |
||
| 999 |
_c1094723 _d1094780 |
||